[Event "Wch U18"]
[Site "Porto Carras"]
[Date "2010.10.23"]
[Round "4"]
[White "Iljiushenok, Ilia"]
[Black "Nikolashvili, Giorgi N"]
[Result "1-0"]
[WhiteElo "2412"]
[BlackElo "2294"]
[PlyCount "95"]
[EventDate "2010.10.20"]
[EventType "swiss"]
[EventRounds "11"]
[EventCountry "GRE"]
[SourceTitle "EXT 2011"]
[Source "ChessBase"]
[SourceDate "2010.11.26"]
[SourceVersion "1"]
[SourceVersionDate "2010.11.26"]
[SourceQuality "1"]

1. e4 c5 2. Nf3 d6 3. c3 Nf6 4. Be2 g6 5. 0-0 Bg7 6. Bb5+ Nbd7 7. Re1 a6 8. Bf1 Ne5 9. d4 Nxf3+ 10. Qxf3 cxd4 11. cxd4 0-0 12. Nc3 Bg4 13. Qg3 Be6 14. Bg5 Nh5 15. Qe3 Re8 16. Rad1 Qb6 17. Rd2 Rac8 18. h3 Qa5 19. a3 Nf6 20. f4 h6 21. Bh4 Bb3 22. Rf2 e6 23. g4 Qb6 24. e5 Nd5 25. Nxd5 Bxd5 26. Bg3 f5 27. Kh2 Rc7 28. Bg2 Bxg2 29. Rxg2 d5 30. Reg1 Kh7 31. Be1 Rc6 32. h4 Re7 33. Bb4 Rf7 34. h5 gxh5 35. gxh5 Qd8 36. Qg3 Qd7 37. Bf8 Rxf8 38. Qxg7+ Qxg7 39. Rxg7+ Kh8 40. Rxb7 Rc4 41. Rg6 Rxd4 42. Rxh6+ Kg8 43. Kg3 Re8 44. Rhh7 Rd3+ 45. Kh4 Rf3 46. Rbg7+ Kf8 47. h6 Rxf4+ 48. Kh5 1-0

[Event "EU-ch U18"]
[Site "Batumi"]
[Date "2010.09.26"]
[Round "7"]
[White "Sipahioglu, Irmak"]
[Black "Nikolashvili, Giorgi N"]
[Result "0-1"]
[WhiteElo "2089"]
[BlackElo "2294"]
[PlyCount "54"]
[EventDate "2010.09.20"]
[EventType "swiss"]
[EventRounds "9"]
[EventCountry "GEO"]
[SourceTitle "CBM 138 Extra"]
[Source "ChessBase"]
[SourceDate "2010.10.29"]
[SourceVersion "1"]
[SourceVersionDate "2010.10.29"]
[SourceQuality "1"]

1. d4 Nf6 2. c4 e6 3. Nc3 Bb4 4. Qc2 0-0 5. a3 Bxc3+ 6. Qxc3 b6 7. Bg5 c5 8. dxc5 bxc5 9. Nf3 d6 10. Rd1 Nbd7 11. Rxd6 Qc7 12. Rd3 Ne4 13. Qc1 Nxg5 14. Qxg5 Rb8 15. Qd2 Ne5 16. Nxe5 Qxe5 17. Rc3 Rb6 18. h4 Qb8 19. Rc2 Bb7 20. b4 Rd8 21. Qc3 cxb4 22. axb4 Be4 23. Rc1 Rxb4 24. Rh3 Rb1 25. Rg3 Qb4 26. Rxg7+ Kh8 27. Rg3+ e5 0-1

[Event "EU-ch U18"]
[Site "Batumi"]
[Date "2010.09.24"]
[Round "6"]
[White "Nikolashvili, Giorgi N"]
[Black "Tamazyan, Haik G"]
[Result "0-1"]
[WhiteElo "2294"]
[BlackElo "2151"]
[PlyCount "40"]
[EventDate "2010.09.20"]
[EventType "swiss"]
[EventRounds "9"]
[EventCountry "GEO"]
[SourceTitle "CBM 138 Extra"]
[Source "ChessBase"]
[SourceDate "2010.10.29"]
[SourceVersion "1"]
[SourceVersionDate "2010.10.29"]
[SourceQuality "1"]

1. d4 Nf6 2. c4 e6 3. Nc3 Bb4 4. a3 Bxc3+ 5. bxc3 0-0 6. e3 d6 7. Bd3 Nc6 8. Ne2 b6 9. 0-0 Ba6 10. Ng3 Na5 11. Qe2 c5 12. e4 cxd4 13. f4 dxc3 14. e5 dxe5 15. fxe5 Qd4+ 16. Kh1 Nd7 17. Rf4 Qxe5 18. Re4 Qd6 19. Bf4 e5 20. Nf5 Qf6 0-1

[Event "Poti Aleksandria Cup 5th"]
[Site "Poti"]
[Date "2010.07.13"]
[Round "3"]
[White "Nikolashvili, Giorgi N"]
[Black "Lomsadze, David"]
[Result "0-1"]
[WhiteElo "2302"]
[BlackElo "2364"]
[PlyCount "138"]
[EventDate "2010.07.11"]
[EventType "swiss"]
[EventRounds "9"]
[EventCountry "GEO"]
[SourceTitle "CBM 137 Extra"]
[Source "ChessBase"]
[SourceDate "2010.09.01"]
[SourceVersion "1"]
[SourceVersionDate "2010.09.01"]
[SourceQuality "1"]

1. Nf3 g6 2. c4 Bg7 3. d4 c5 4. d5 e5 5. e4 d6 6. Bd3 Ne7 7. 0-0 0-0 8. Nc3 f5 9. exf5 gxf5 10. Ng5 h6 11. Ne6 Bxe6 12. dxe6 Nbc6 13. Nd5 Nd4 14. Qh5 e4 15. Bb1 Qe8 16. Nxe7+ Qxe7 17. Bxh6 Rae8 18. f3 exf3 19. gxf3 Bxh6 20. Qxh6 Qxe6 21. Qg5+ Kf7 22. Kh1 Rh8 23. Be4 Qxc4 24. Bxf5 Rxh2+ 25. Kxh2 Qe2+ 26. Qg2 Qe5+ 27. f4 Qxf5 28. Rae1 Qh5+ 29. Qh3 Nf3+ 30. Rxf3 Qxh3+ 31. Rxh3 Rxe1 32. Rh7+ Ke6 33. Rxb7 d5 34. Kg3 d4 35. Kf2 Rb1 36. Ke2 c4 37. f5+ Kxf5 38. Rb4 Ke4 39. Rb7 Kd5 40. Rb8 Rh1 41. Rd8+ Kc5 42. Rc8+ Kb5 43. Rb8+ Ka5 44. Kd2 Rh6 45. Rd8 Rh2+ 46. Kc1 d3 47. Rb8 Rh1+ 48. Kd2 Rh6 49. Rb7 a6 50. Rb8 Rh5 51. Kc1 Rc5 52. Ra8 Rg5 53. Rb8 Rb5 54. Ra8 Rb6 55. Rd8 Kb4 56. Kd2 a5 57. Rc8 a4 58. Ra8 Rb5 59. Rc8 Re5 60. Rb8+ Kc5 61. Rc8+ Kd4 62. Rd8+ Rd5 63. Ra8 a3 64. Rxa3 Rb5 65. Kc1 Ke3 66. Ra8 d2+ 67. Kd1 Rxb2 68. Ra3+ Kd4 69. Rh3 c3 0-1

[Event "Poti Aleksandria Cup 5th"]
[Site "Poti"]
[Date "2010.07.12"]
[Round "2"]
[White "Kotanjian, Tigran"]
[Black "Nikolashvili, Giorgi N"]
[Result "1/2-1/2"]
[WhiteElo "2551"]
[BlackElo "2302"]
[PlyCount "125"]
[EventDate "2010.07.11"]
[EventType "swiss"]
[EventRounds "9"]
[EventCountry "GEO"]
[SourceTitle "CBM 137 Extra"]
[Source "ChessBase"]
[SourceDate "2010.09.01"]
[SourceVersion "1"]
[SourceVersionDate "2010.09.01"]
[SourceQuality "1"]

1. d4 Nf6 2. c4 e6 3. Nf3 c5 4. d5 b5 5. dxe6 fxe6 6. cxb5 d5 7. Nbd2 Bb7 8. b3 Bd6 9. Bb2 0-0 10. e3 Qe7 11. Ne5 Nbd7 12. Nxd7 Nxd7 13. Be2 e5 14. e4 dxe4 15. 0-0 Rf6 16. Nc4 Raf8 17. Na5 Nb6 18. Nxb7 Qxb7 19. Bc4+ Nxc4 20. bxc4 e3 21. f3 Rh6 22. g3 Rhf6 23. f4 g5 24. f5 Qe4 25. Qf3 Qxc4 26. Qxe3 Rxf5 27. Rxf5 Rxf5 28. a4 Qd5 29. Rf1 c4 30. Ba3 Bxa3 31. Qxa3 Qd4+ 32. Kg2 Qe4+ 33. Kg1 Qd4+ 34. Kg2 Rxf1 35. Kxf1 c3 36. Qe7 Qd3+ 37. Kf2 Qd4+ 38. Kg2 Qe4+ 39. Kf2 Qd4+ 40. Kg2 Qe4+ 41. Kf2 Qg6 42. Ke3 Qb6+ 43. Ke2 Qd4 44. Qxg5+ Kf7 45. Qf5+ Kg7 46. Qc2 Kf6 47. a5 Qc4+ 48. Ke1 Qc5 49. b6 axb6 50. axb6 Qxb6 51. Qxc3 Qg1+ 52. Ke2 Qxh2+ 53. Kf3 Qh1+ 54. Kf2 Qd5 55. Qc7 h5 56. Kg1 Qd1+ 57. Kh2 Qe2+ 58. Kh3 Qe4 59. Kh2 Qf3 60. Qd8+ Kf5 61. Qc8+ Ke4 62. Qc6+ Ke3 63. Qc5+ 1/2-1/2

[Event "Wch U16"]
[Site "Kemer"]
[Date "2009.11.22"]
[Round "11"]
[White "Nikolashvili, Giorgi N"]
[Black "Firat, Burak"]
[Result "1/2-1/2"]
[WhiteElo "2234"]
[BlackElo "2392"]
[PlyCount "120"]
[EventDate "2009.11.12"]
[EventType "swiss"]
[EventRounds "11"]
[EventCountry "TUR"]
[SourceTitle "EXT 2010"]
[Source "ChessBase"]
[SourceDate "2010.11.25"]
[SourceVersion "1"]
[SourceVersionDate "2010.11.25"]
[SourceQuality "1"]

1. d4 d5 2. c4 c6 3. cxd5 cxd5 4. Nc3 Nc6 5. Nf3 Nf6 6. Bf4 Ne4 7. e3 Nxc3 8. bxc3 g6 9. Ne5 Bg7 10. Qa4 Bxe5 11. Bxe5 0-0 12. Bg3 Qa5 13. Qb3 Be6 14. Bd3 Rfc8 15. 0-0 b6 16. Rfc1 Nd8 17. Qb4 Nc6 18. Qb3 Nd8 19. h4 Nb7 20. Qb4 Kf8 21. Bf4 a6 22. a4 f6 23. Rab1 Rc6 24. e4 Nd6 25. Bxd6 exd6 26. Qa3 Rac8 27. exd5 Bxd5 28. Bb5 axb5 29. Rxb5 Rxc3 30. Rxc3 Qxc3 31. Qxd6+ Kg7 32. Rxd5 Qe1+ 33. Kh2 Rc1 34. Qf4 Qh1+ 35. Kg3 Rc3+ 36. f3 Qe1+ 37. Kh2 Qe7 38. h5 g5 39. Qf5 Rc7 40. f4 Ra7 41. fxg5 fxg5 42. Qxg5+ Qxg5 43. Rxg5+ Kh6 44. Rd5 Rxa4 45. Kh3 Ra5 46. Rd6+ Kxh5 47. Rxb6 Ra3+ 48. g3 Rd3 49. Rd6 Kg5 50. Rd5+ Kf6 51. Kg4 Ke6 52. Rd8 Ke7 53. Rd5 Ke6 54. Re5+ Kd6 55. Re4 Kd5 56. Rf4 Rxd4 57. Rxd4+ Kxd4 58. Kh5 Ke4 59. Kh6 Kf3 60. Kxh7 Kxg3 1/2-1/2

[Event "Wch U16"]
[Site "Kemer"]
[Date "2009.11.21"]
[Round "10"]
[White "Kanarek, Marcel"]
[Black "Nikolashvili, Giorgi N"]
[Result "0-1"]
[WhiteElo "2405"]
[BlackElo "2234"]
[PlyCount "56"]
[EventDate "2009.11.12"]
[EventType "swiss"]
[EventRounds "11"]
[EventCountry "TUR"]
[SourceTitle "EXT 2010"]
[Source "ChessBase"]
[SourceDate "2010.11.25"]
[SourceVersion "1"]
[SourceVersionDate "2010.11.25"]
[SourceQuality "1"]

1. e4 c5 2. Nf3 d6 3. d4 cxd4 4. Nxd4 Nf6 5. Nc3 Nc6 6. Bg5 e6 7. Qd2 Be7 8. 0-0-0 0-0 9. f4 Nxd4 10. Qxd4 Qa5 11. Kb1 h6 12. h4 Rd8 13. Be2 Bd7 14. Qe3 Rac8 15. Rd3 Bc6 16. Bf3 Qc5 17. Qe1 b5 18. e5 dxe5 19. fxe5 Rxd3 20. cxd3 Nd5 21. Bxd5 hxg5 22. hxg5 Bxg5 23. Bxc6 Qxc6 24. Qg3 Bd2 25. Qh2 Bh6 26. g4 b4 27. g5 bxc3 28. gxh6 cxb2 0-1

[Event "Wch U16"]
[Site "Kemer"]
[Date "2009.11.12"]
[Round "1"]
[White "Nikolashvili, Giorgi N"]
[Black "Surujhlal, Divek"]
[Result "1-0"]
[WhiteElo "2234"]
[BlackElo "1706"]
[PlyCount "49"]
[EventDate "2009.11.12"]
[EventType "swiss"]
[EventRounds "11"]
[EventCountry "TUR"]
[SourceTitle "EXT 2010"]
[Source "ChessBase"]
[SourceDate "2010.11.25"]
[SourceVersion "1"]
[SourceVersionDate "2010.11.25"]
[SourceQuality "1"]

1. d4 Nf6 2. c4 g6 3. Nc3 Bg7 4. e4 d6 5. Nf3 0-0 6. Be2 e5 7. 0-0 Nc6 8. Be3 Re8 9. d5 Ne7 10. Ne1 Nd7 11. Nd3 f5 12. f3 f4 13. Bf2 Nf6 14. a4 g5 15. c5 Ng6 16. cxd6 cxd6 17. Nb5 Re7 18. Nxd6 Ne8 19. Qb3 h5 20. Bb6 Qd7 21. Nf2 Rf7 22. Bb5 Qe7 23. Nxc8 Qf8 24. Bxe8 Qxe8 25. Nd6 1-0

[Event "Akhisar Manisa ol U16"]
[Site "Akhisar Manisa"]
[Date "2009.09.27"]
[Round "4"]
[White "Nikolashvili, Giorgi N"]
[Black "Mammadov, Zaur Fazahir Oglu"]
[Result "1/2-1/2"]
[WhiteElo "2206"]
[BlackElo "2324"]
[PlyCount "54"]
[EventDate "2009.09.25"]
[EventType "team-swiss"]
[EventRounds "10"]
[EventCountry "TUR"]
[SourceTitle "CBM 132 Extra"]
[Source "ChessBase"]
[SourceDate "2009.11.03"]
[SourceVersion "1"]
[SourceVersionDate "2009.11.03"]
[SourceQuality "1"]

1. d4 d5 2. c4 c6 3. Nc3 Nf6 4. Nf3 e6 5. e3 Nbd7 6. Be2 dxc4 7. a4 Bd6 8. 0-0 0-0 9. Bxc4 Qe7 10. Qb3 e5 11. Re1 e4 12. Nd2 Nb6 13. Be2 Bf5 14. Nf1 Rad8 15. Bd2 h5 16. a5 Nbd5 17. Nxd5 cxd5 18. Ra4 Bd7 19. Bb5 Rc8 20. Raa1 Bxb5 21. Qxb5 Rc2 22. Qb3 Bxh2+ 23. Kxh2 Ng4+ 24. Kg1 Rxd2 25. Nxd2 Qh4 26. Nf1 Qxf2+ 27. Kh1 Qh4+ 1/2-1/2

[Event "Tbilisi Municipality Cup"]
[Site "Tbilisi"]
[Date "2009.06.20"]
[Round "6"]
[White "Nikolashvili, Giorgi N"]
[Black "Khurtsidze, Nino"]
[Result "0-1"]
[WhiteElo "2198"]
[BlackElo "2424"]
[PlyCount "92"]
[EventDate "2009.06.15"]
[EventType "swiss"]
[EventRounds "9"]
[EventCountry "GEO"]
[SourceTitle "CBM 130 Extra"]
[Source "ChessBase"]
[SourceDate "2009.07.02"]
[SourceVersion "2"]
[SourceVersionDate "2009.07.15"]
[SourceQuality "1"]

1. d4 Nf6 2. c4 e6 3. Nc3 Bb4 4. e3 0-0 5. Nge2 Re8 6. a3 Bf8 7. Nf4 d5 8. cxd5 exd5 9. Bd3 a5 10. 0-0 c6 11. f3 Na6 12. Bc2 b5 13. Re1 Rb8 14. Nce2 c5 15. dxc5 Nxc5 16. Nd4 Qb6 17. b3 Ne6 18. Bb2 Bd6 19. Qd2 Nxf4 20. exf4 Bd7 21. Kh1 Rxe1+ 22. Rxe1 Re8 23. Rxe8+ Bxe8 24. Nf5 Bf8 25. Bd4 Qc6 26. Qd3 g6 27. Qc3 Qxc3 28. Bxc3 gxf5 29. Bxf6 Bxa3 30. Bxf5 Bc1 31. g3 a4 32. bxa4 bxa4 33. Kg2 Be3 34. Bd3 a3 35. Ba1 Ba4 36. Kf1 Bd1 37. Kg2 h6 38. h4 h5 39. f5 d4 40. Kf1 Bxf3 41. Be2 Bxe2+ 42. Kxe2 Kf8 43. Kd3 Ke7 44. Ke4 Kf6 45. g4 hxg4 46. h5 Kg5 0-1

[Event "World ol U16 07th"]
[Site "Mersin"]
[Date "2008.08.23"]
[Round "8"]
[White "Straka, Jozef1111"]
[Black "Nikolashvili, Giorgi N"]
[Result "0-1"]
[WhiteElo "2122"]
[BlackElo "2197"]
[PlyCount "62"]
[EventDate "2008.08.17"]
[EventType "team-swiss"]
[EventRounds "10"]
[EventCountry "TUR"]
[SourceTitle "CBM 126 Extra"]
[Source "ChessBase"]
[SourceDate "2008.11.05"]
[SourceVersion "1"]
[SourceVersionDate "2008.11.05"]
[SourceQuality "1"]

1. e4 c5 2. Nf3 d6 3. d4 cxd4 4. Nxd4 Nf6 5. Nc3 Nc6 6. Bg5 e6 7. Qd2 Be7 8. 0-0-0 0-0 9. f4 Nxd4 10. Qxd4 Qa5 11. h4 Rd8 12. Bd3 e5 13. Qf2 Bg4 14. Rde1 Rac8 15. Kb1 Rxc3 16. bxc3 Qxc3 17. Bxf6 Bxf6 18. f5 d5 19. Qxa7 Qb4+ 20. Ka1 Qc3+ 21. Kb1 Bxh4 22. g3 Bxg3 23. Qb6 Rc8 24. Reg1 dxe4 25. Bxe4 h5 26. Rxg3 Qxg3 27. Qxb7 Qc3 28. a4 Rc4 29. Qa8+ Kh7 30. f6+ g6 31. Bd5 Qxc2+ 0-1

[Event "World ol U16 07th"]
[Site "Mersin"]
[Date "2008.08.20"]
[Round "5"]
[White "Nikolashvili, Giorgi N"]
[Black "Kazimova, Narmin Nizami Qizi"]
[Result "1-0"]
[WhiteElo "2197"]
[BlackElo "2148"]
[PlyCount "115"]
[EventDate "2008.08.17"]
[EventType "team-swiss"]
[EventRounds "10"]
[EventCountry "TUR"]
[SourceTitle "CBM 126 Extra"]
[Source "ChessBase"]
[SourceDate "2008.11.05"]
[SourceVersion "1"]
[SourceVersionDate "2008.11.05"]
[SourceQuality "1"]

1. d4 Nf6 2. c4 e6 3. Nc3 Bb4 4. e3 b6 5. Nge2 Bb7 6. a3 Bxc3+ 7. Nxc3 0-0 8. Bd3 d5 9. 0-0 c5 10. cxd5 exd5 11. dxc5 bxc5 12. b4 d4 13. Ne2 Qd5 14. Nf4 Qc6 15. exd4 cxd4 16. Bb2 Qd6 17. Nh5 g6 18. Nxf6+ Qxf6 19. Qg4 Rd8 20. f4 Nd7 21. Rae1 h5 22. Qh3 Bc8 23. Qf3 Rb8 24. f5 Ne5 25. Rxe5 Qxe5 26. fxg6 f6 27. Bc1 Bg4 28. Qf2 Rbc8 29. Bf4 Qd5 30. Qh4 Rc6 31. h3 Bc8 32. Bd2 Re8 33. b5 Rce6 34. Rc1 Bb7 35. Qf2 Rc8 36. Rf1 Ree8 37. Qg3 Kg7 38. Rf2 Qe5 39. Bf4 Qe1+ 40. Kh2 Rc3 41. Bh6+ Kg8 42. Qf4 Qe5 43. Qxe5 fxe5 44. g7 Rcc8 45. Bc4+ Kh7 46. Rf8 Kxh6 47. g8Q Rxf8 48. Qe6+ Kh7 49. Bd3+ e4 50. Bxe4+ Bxe4 51. Qxe4+ Kh6 52. Qxd4 Rf7 53. Qd6+ Kh7 54. Qd5 Rfc7 55. Qxh5+ Kg7 56. Qe5+ Kg6 57. Qd4 Rc5 58. a4 1-0

[Event "World ol U16 07th"]
[Site "Mersin"]
[Date "2008.08.18"]
[Round "3"]
[White "Garcia, Jan Emmanuel"]
[Black "Nikolashvili, Giorgi N"]
[Result "0-1"]
[WhiteElo "2232"]
[BlackElo "2197"]
[PlyCount "64"]
[EventDate "2008.08.17"]
[EventType "team-swiss"]
[EventRounds "10"]
[EventCountry "TUR"]
[SourceTitle "CBM 126 Extra"]
[Source "ChessBase"]
[SourceDate "2008.11.05"]
[SourceVersion "1"]
[SourceVersionDate "2008.11.05"]
[SourceQuality "1"]

1. c4 e5 2. g3 Nf6 3. Bg2 d5 4. cxd5 Nxd5 5. Nc3 Nb6 6. Nf3 Nc6 7. d3 Be7 8. 0-0 0-0 9. Be3 Be6 10. Rc1 f6 11. a3 Nd4 12. Ne4 a5 13. Nc5 Bxc5 14. Rxc5 Qd6 15. b4 axb4 16. axb4 c6 17. Nxd4 exd4 18. Bf4 Qe7 19. Qd2 g5 20. Bxg5 fxg5 21. Rxg5+ Kh8 22. Re5 Qd6 23. Re4 Bf5 24. Rh4 Rae8 25. b5 cxb5 26. Rb1 Na4 27. Rxb5 Nc3 28. Rxb7 Rxe2 29. Qc1 Qe6 30. Bf1 Re1 31. Qd2 Ne2+ 32. Kg2 Bh3+ 0-1

[Event "Wch U14"]
[Site "Kemer"]
[Date "2007.11.26"]
[Round "9"]
[White "Nikolashvili, Giorgi N"]
[Black "Chan, Wei Xuan Timothy"]
[Result "0-1"]
[WhiteElo "2112"]
[BlackElo "2231"]
[PlyCount "56"]
[EventDate "2007.11.18"]
[EventType "swiss"]
[EventRounds "11"]
[EventCountry "TUR"]
[SourceTitle "CBM 121 Extra"]
[Source "ChessBase"]
[SourceDate "2008.01.10"]
[SourceVersion "1"]
[SourceVersionDate "2008.01.10"]
[SourceQuality "1"]

1. d4 Nf6 2. c4 e6 3. Nc3 Bb4 4. e3 b6 5. Nge2 Ne4 6. Qc2 Bb7 7. a3 Bxc3+ 8. Nxc3 Nxc3 9. Qxc3 Qf6 10. b4 0-0 11. Bb2 d6 12. Qc2 Nd7 13. Bd3 Qh6 14. 0-0 f5 15. c5 Bd5 16. Rfe1 Qh4 17. c6 Nf6 18. f3 Rf7 19. Re2 Raf8 20. e4 fxe4 21. fxe4 Ng4 22. h3 Nf2 23. Rae1 Qg3 24. Re3 Nxh3+ 25. Kh1 Nf2+ 26. Kg1 Qh4 27. Rf3 Rxf3 28. gxf3 Rxf3 0-1